| 000 | 00381cam a2200145ua 4500 | ||
|---|---|---|---|
| 041 |
_aeng _h |
||
| 082 |
_a828.09 _bWAI/LI |
||
| 100 | _aWain , John . | ||
| 245 |
_aLiving world of Shakespeare : A play goer`s guide / _cJohn Wain. _hTextual Documents |
||
| 260 |
_aNewyork : _bMacmillan and co.ltd , _c1964. |
||
| 300 | _a238 ; . | ||
| 504 | _a | ||
| 942 | _cBK | ||
| 999 |
_c777 _d777 |
||